Identification and Control of Object with Time-Delay Link; Journal of Telecommunication, Electronic and Computer Engineering; Vol. 9, № 2-2
| Parent link: | Journal of Telecommunication, Electronic and Computer Engineering Vol. 9, № 2-2.— 2017.— [P. 109-113] |
|---|---|
| Hovedforfatter: | |
| Institution som forfatter: | |
| Andre forfattere: | |
| Summary: | Title screen The importance of control for objects with timedelay links is very high; the rising number of control theory publications proves this case. However, the theoretical results are often very far from practical results. We can assume that the most common reason for this is fundamental simplification of the model in the system identification process. This paper presents the example of a plant from [1] to test the model’s validity and its feasibility in the case of the control design with negative feedback loop. The paper resolves the stated problem by means of mathematical modeling (simulation) in program package VisSim. |
| Sprog: | engelsk |
| Udgivet: |
2017
|
| Fag: | |
| Online adgang: | http://journal.utem.edu.my/index.php/jtec/article/view/2229 |
| Format: | MixedMaterials Electronisk Book Chapter |
| KOHA link: | https://koha.lib.tpu.ru/cgi-bin/koha/opac-detail.pl?biblionumber=657846 |
MARC
| LEADER | 00000naa0a2200000 4500 | ||
|---|---|---|---|
| 001 | 657846 | ||
| 005 | 20250123152337.0 | ||
| 035 | |a (RuTPU)RU\TPU\network\24656 | ||
| 035 | |a RU\TPU\network\24654 | ||
| 090 | |a 657846 | ||
| 100 | |a 20180326d2017 k||y0engy50 ba | ||
| 101 | 0 | |a eng | |
| 102 | |a MY | ||
| 135 | |a drcn ---uucaa | ||
| 181 | 0 | |a i | |
| 182 | 0 | |a b | |
| 200 | 1 | |a Identification and Control of Object with Time-Delay Link |f V. A. Zhmud, B. I. Pyakullya | |
| 203 | |a Text |c electronic | ||
| 300 | |a Title screen | ||
| 320 | |a [References: p. 113 (4 tit.)] | ||
| 330 | |a The importance of control for objects with timedelay links is very high; the rising number of control theory publications proves this case. However, the theoretical results are often very far from practical results. We can assume that the most common reason for this is fundamental simplification of the model in the system identification process. This paper presents the example of a plant from [1] to test the model’s validity and its feasibility in the case of the control design with negative feedback loop. The paper resolves the stated problem by means of mathematical modeling (simulation) in program package VisSim. | ||
| 461 | |t Journal of Telecommunication, Electronic and Computer Engineering | ||
| 463 | |t Vol. 9, № 2-2 |v [P. 109-113] |d 2017 | ||
| 610 | 1 | |a электронный ресурс | |
| 610 | 1 | |a труды учёных ТПУ | |
| 610 | 1 | |a control | |
| 610 | 1 | |a systems | |
| 610 | 1 | |a identification | |
| 610 | 1 | |a modelling | |
| 610 | 1 | |a simulation | |
| 610 | 1 | |a управление | |
| 610 | 1 | |a системы | |
| 610 | 1 | |a идентификация | |
| 610 | 1 | |a моделирование | |
| 700 | 1 | |a Zhmud |b V. A. |g Vadim Arkadjevich | |
| 701 | 1 | |a Pyakullya |b B. I. |c specialist in the field of informatics and computer technology |c design engineer of Tomsk Polytechnic University |f 1990- |g Boris Ivanovich |3 (RuTPU)RU\TPU\pers\34170 |9 17704 | |
| 712 | 0 | 2 | |a Национальный исследовательский Томский политехнический университет |b Инженерная школа информационных технологий и робототехники |b Отделение автоматизации и робототехники (ОАР) |3 (RuTPU)RU\TPU\col\23553 |
| 801 | 2 | |a RU |b 63413507 |c 20180326 |g RCR | |
| 856 | 4 | |u http://journal.utem.edu.my/index.php/jtec/article/view/2229 | |
| 942 | |c CF | ||